Effective Teacher Policies Insights from Pisa

Gespeichert in:
Bibliographische Detailangaben
Format: Buch
Sprache:Englisch
Veröffentlicht: Paris OECD 2018
Schriftenreihe:PISA
Schlagworte:
Tags: Tag hinzufügen
Keine Tags, Fügen Sie das erste Tag hinzu!

MARC

LEADER 00000nam a2200000 4500
001 0253421
005 20221220065529.1
020 |a 978-92-64-30159-7 
041 0 |a eng 
044 |a FR 
245 1 0 |a Effective Teacher Policies  |b Insights from Pisa 
264 1 |a Paris  |b OECD  |c 2018 
300 |a 163 s. 
490 1 |a PISA 
830 0 |a PISA 
610 2 0 |a vzdelávanie 
610 2 0 |a vzdelanie 
610 2 0 |a politika vzdelávania 
610 2 0 |a efektívnosť vzdelávania 
610 2 0 |a učitelia 
610 2 0 |a študenti 
610 2 0 |a kariéra 
610 2 0 |a porovnanie štatistické medzinárodné